Општине Расинског округа - Statistics

General Stats
  • This quiz has been taken 45 times
  • The average score is 5 of 6
Answer Stats
Answer % Correct
Крушевац
100%
Трстеник
79%
Брус
74%
Александровац
72%
Ћићевац
72%
Варварин
59%
No matching quizzes found
Score Distribution
Percent of People with Each Score
Percentile by Number Answered
Your Score History
You have not taken this quiz